[Event "TUR Cup"]
[Site "Denizli"]
[Date "2023.07.19"]
[Round "6"]
[White "Cika, Destina Cinay"]
[Black "Hancerli, Kaan"]
[Result "1/2-1/2"]
[WhiteElo "1145"]
[BlackElo "1325"]
[PlyCount "76"]
[EventDate "2023.07.16"]
[EventType "team-tourn"]
[EventRounds "9"]
[EventCountry "TUR"]
[SourceTitle "CBM 215 Extra"]
[Source "ChessBase"]
[SourceDate "2023.09.30"]
[SourceVersion "1"]
[SourceVersionDate "2023.09.30"]
[SourceQuality "1"]

1. e4 e6 2. d4 d5 3. Nd2 Nf6 4. e5 Nfd7 5. Ngf3 c5 6. c3 Nc6 7. Bd3 Qb6 8. Qb3 c4 9. Qxb6 axb6 10. Bc2 b5 11. b4 Nb6 12. Nf1 Na4 13. Bd2 Be7 14. Ng3 0-0 15. 0-0 Bd7 16. h3 Ra7 17. Nh2 Rfa8 18. f4 g6 19. Ne2 Nb6 20. Bb1 f5 21. g4 Kh8 22. g5 Kg7 23. Nf3 Nd8 24. Kg2 Nf7 25. Rh1 h6 26. gxh6+ Kxh6 27. h4 Rh8 28. Ng5 Kg7 29. Ng3 Nxg5 30. fxg5 Raa8 31. Rh2 Be8 32. Bc2 Bf7 33. Bd1 Rh7 34. Be2 Rah8 35. Rah1 Ra8 36. Ra1 Rah8 37. Rah1 Ra8 38. Ra1 Ra3 1/2-1/2